000 00499nam a2200169 4500
001 139300
003 ES-MaACL
005 20230906195745.0
007 t|
008 070214s1967 sp r ||||1| spa d
100 1 _aScott, James.
_9104949
245 1 3 _aLa visión cristiana /
_cJames Scott ; [traducción de Millán Arroyo, S. J.].
260 _aZaragoza :
_bHechos y Dichos,
_c1967.
300 _a285 p. ;
_c18 cm.
700 1 _aArroyo, Millán.
_923363
852 _aES-MaACL
_jC-32518
_bR.63169
999 _c139300
_d139300